00698nam a22001097a 4500008004100000100002400041245010000065260005200165300003600217520028300253773005200536260323b ||||| |||| 00| 0 eng d aBanerjee, Swapna M. aConcubinage, race, and law in early colonial Bengal: Bequeathing intimacy, servicing the empire aThe Indian Economic and Social History Review  a62(4), Oct-Dec, 2025: p.525-527 aRuchika Sharma, (London and New York: Routledge, 2023), 208 pp.- Reproduced https://journals.sagepub.com/doi/full/10.1177/00194646251370530?_gl=1*6grc8v*_up*MQ..*_ga*NjYzMzA2NDEyLjE3NzQyNTk1MTg.*_ga_60R758KFDG*czE3NzQyNTk1MTgkbzEkZzEkdDE3NzQyNTk1MzQkajQ0JGwwJGgzNzA1ODI3Mg.. aThe Indian Economic and Social History Review